Coates Brothers plc v General Accident Assurance Ltd (Record no. 31407)
[ view plain ]
| 000 -LEADER | |
|---|---|
| fixed length control field | 01209cab a2200205 4500 |
| 001 - CONTROL NUMBER | |
| control field | ABS45007 |
| 008 - FIXED-LENGTH DATA ELEMENTS--GENERAL INFORMATION | |
| fixed length control field | 090401t1991 xxu||||| |||| 00| 0 eng d |
| 035 ## - SYSTEM CONTROL NUMBER | |
| System control number | (Sirsi) u50327 |
| 041 ## - LANGUAGE CODE | |
| Language code of text/sound track or separate title | eng |
| 245 ## - TITLE STATEMENT | |
| Title | Coates Brothers plc v General Accident Assurance Ltd |
| 260 ## - PUBLICATION, DISTRIBUTION, ETC. | |
| Date of publication, distribution, etc. | 1991 |
| 350 ## - PRICE (NR) (BK AM CF MU VM SE) [OBSOLETE] | |
| Price | 0 |
| 490 ## - SERIES STATEMENT | |
| Series statement | Weekly Law Reports |
| Volume/sequential designation | (1991) WLR 712-719(9) |
| 520 ## - SUMMARY, ETC. | |
| Summary, etc. | ChD 7 March 1991. A landlord issued a summons for interim rent pending determination of a tenant`s application for a new tenancy under Landlord and Tenant Act 1954 Part II. Due to an oversight by the landlords solicitors the summons was not served within 12 months of its issue. Following the issue of a second summons the landlord applied for an order extending the time for service of the first summons. This was granted. The tenant applied to have that set aside and to have the first summons struck out on the grounds that it was invalid. Both summons were struck out. The landlord`s appeal was allowed in part since the first summons was not valid but the second was. |
| 650 ## - SUBJECT ADDED ENTRY--TOPICAL TERM | |
| Topical term or geographic name entry element | BUSINESS TENANCIES |
| 650 ## - SUBJECT ADDED ENTRY--TOPICAL TERM | |
| Topical term or geographic name entry element | NEW TENANCIES |
| 690 ## - LOCAL SUBJECT ADDED ENTRY--TOPICAL TERM (OCLC, RLIN) | |
| Topical term or geographic name as entry element | LANDLORD AND TENANT-CASE LAW-BUSINESS TENANCIES |
| 942 ## - ADDED ENTRY ELEMENTS (KOHA) | |
| Suppress in OPAC | 0 |
| 948 ## - LOCAL PROCESSING INFORMATION (OCLC); SERIES PART DESIGNATOR (RLIN) | |
| c (OCLC) | 04/03/1997 |
| Withdrawn status | Lost status | Source of classification or shelving scheme | Damaged status | Not for loan | Home library | Current library | Shelving location | Date acquired | Total Checkouts | Full call number | Barcode | Date last seen | Copy number | Price effective from | Koha item type |
|---|---|---|---|---|---|---|---|---|---|---|---|---|---|---|---|
| Dewey Decimal Classification | London | London | Journal article | 14/09/1999 | ABS45007 | 50327-1001 | 06/08/2019 | 1 | 06/08/2019 | Law report |